<?xml version="1.0" encoding="UTF-8"?>
<record
    xmlns:xsi="http://www.w3.org/2001/XMLSchema-instance"
    xsi:schemaLocation="http://www.loc.gov/MARC21/slim http://www.loc.gov/standards/marcxml/schema/MARC21slim.xsd"
    xmlns="http://www.loc.gov/MARC21/slim">

  <leader>01413nam a2200289 a 4500</leader>
  <controlfield tag="001">000041030</controlfield>
  <controlfield tag="005">20201002034550.0</controlfield>
  <controlfield tag="008">090819s1996    sp            001 0 spa d</controlfield>
  <datafield tag="020" ind1=" " ind2=" ">
    <subfield code="a">840007596X</subfield>
  </datafield>
  <datafield tag="040" ind1=" " ind2=" ">
    <subfield code="a">DO-SdBNP</subfield>
    <subfield code="b">spa</subfield>
    <subfield code="c">BNPHU</subfield>
  </datafield>
  <datafield tag="082" ind1=" " ind2=" ">
    <subfield code="a">xxxx</subfield>
    <subfield code="b">C322c</subfield>
  </datafield>
  <datafield tag="245" ind1="0" ind2="0">
    <subfield code="a">Cartas de cabildos hispanoam&#xE9;ricanos :</subfield>
    <subfield code="b">audiencia de Santa Fe /</subfield>
    <subfield code="c">Ha colaborado en los &#xED;ndices de este tomo &#xC1;ngeles Flores Moscoso; edici&#xF3;n Javier Ort&#xED;z de la Tabla Bucasse, Montserrat Fern&#xE1;ndez Mart&#xED;nez , &#xC1;gueda Rivera Garrido.</subfield>
  </datafield>
  <datafield tag="260" ind1=" " ind2=" ">
    <subfield code="a">Sevilla :</subfield>
    <subfield code="b">Escuela de Estudios Hipanoamericanos :</subfield>
    <subfield code="b">Consejo Superior de Investigaciones Sient&#xED;ficas (Espa&#xF1;a),</subfield>
    <subfield code="c">1996.</subfield>
  </datafield>
  <datafield tag="300" ind1=" " ind2=" ">
    <subfield code="a">v. (278), p. ;</subfield>
    <subfield code="c">25 cm.</subfield>
  </datafield>
  <datafield tag="490" ind1="1" ind2=" ">
    <subfield code="a">Publicaciones de la Escuela de Estudios Hispano-Americanos de Sevilla</subfield>
    <subfield code="v">386</subfield>
  </datafield>
  <datafield tag="500" ind1=" " ind2=" ">
    <subfield code="a">Incluye &#xED;ndice onom&#xE1;stico</subfield>
  </datafield>
  <datafield tag="500" ind1=" " ind2=" ">
    <subfield code="a">Publicaci&#xF3;n conmemorativa del v Centenario</subfield>
  </datafield>
  <datafield tag="505" ind1="0" ind2=" ">
    <subfield code="g">v. 1:</subfield>
    <subfield code="t">Santa Fe de Bogot&#xE1;(siglos XVI-XIX)</subfield>
  </datafield>
  <datafield tag="700" ind1="1" ind2=" ">
    <subfield code="a">Ort&#xED;z de la Tabla, Javier</subfield>
    <subfield code="e">ed.</subfield>
    <subfield code="9">15385</subfield>
  </datafield>
  <datafield tag="700" ind1="1" ind2=" ">
    <subfield code="a">Fern&#xE1;ndez Mart&#xED;nez, Montserrat</subfield>
    <subfield code="e">ed.</subfield>
    <subfield code="9">67509</subfield>
  </datafield>
  <datafield tag="700" ind1="1" ind2=" ">
    <subfield code="a">Rivera Garrido, &#xC1;gueda</subfield>
    <subfield code="e">ed.</subfield>
    <subfield code="9">67500</subfield>
  </datafield>
  <datafield tag="700" ind1="1" ind2=" ">
    <subfield code="a">Flores Moscoso, &#xC1;ngeles</subfield>
    <subfield code="e">cool</subfield>
    <subfield code="9">67510</subfield>
  </datafield>
  <datafield tag="710" ind1="2" ind2=" ">
    <subfield code="a">Escuela de Estudios Hipanoamericanos</subfield>
    <subfield code="9">67511</subfield>
  </datafield>
  <datafield tag="710" ind1="2" ind2=" ">
    <subfield code="a">Consejo Superior de Investigaciones Sient&#xED;ficas (Espa&#xF1;a)</subfield>
    <subfield code="9">63726</subfield>
  </datafield>
  <datafield tag="830" ind1=" " ind2="0">
    <subfield code="a">Publicaciones de la Escuela de Estudios Hispano-Americanos de Sevilla</subfield>
    <subfield code="v">386</subfield>
    <subfield code="9">30488</subfield>
  </datafield>
  <datafield tag="049" ind1=" " ind2=" ">
    <subfield code="a">BNPD</subfield>
  </datafield>
  <datafield tag="952" ind1=" " ind2=" ">
    <subfield code="0">0</subfield>
    <subfield code="1">0</subfield>
    <subfield code="5">0</subfield>
    <subfield code="7">1</subfield>
    <subfield code="8">MO</subfield>
    <subfield code="a">GR</subfield>
    <subfield code="b">GR</subfield>
    <subfield code="c">CT</subfield>
    <subfield code="d">2013-09-13</subfield>
    <subfield code="i">LF1</subfield>
    <subfield code="l">0</subfield>
    <subfield code="o">xxxx C322c</subfield>
    <subfield code="p">41030-10</subfield>
    <subfield code="r">2020-06-25</subfield>
    <subfield code="w">2020-06-25</subfield>
    <subfield code="y">1</subfield>
    <subfield code="Z">No se presta</subfield>
  </datafield>
  <datafield tag="999" ind1=" " ind2=" ">
    <subfield code="c">40520</subfield>
    <subfield code="d">40520</subfield>
  </datafield>
</record>
